| 000 -LEADER |
| fixed length control field |
01593nam a2200349 a 4500 |
| 001 - CONTROL NUMBER |
| control field |
1657696 |
| 003 - CONTROL NUMBER IDENTIFIER |
| control field |
NUST |
| 005 - DATE AND TIME OF LATEST TRANSACTION |
| control field |
20171214093314.0 |
| 008 - FIXED-LENGTH DATA ELEMENTS--GENERAL INFORMATION |
| fixed length control field |
970128s1996 si a b 101 0 eng |
| 010 ## - LIBRARY OF CONGRESS CONTROL NUMBER |
| LC control number |
97108834 |
| 020 ## - INTERNATIONAL STANDARD BOOK NUMBER |
| International Standard Book Number |
9810228295 |
| 040 ## - CATALOGING SOURCE |
| Original cataloging agency |
DLC |
| Transcribing agency |
DLC |
| 043 ## - GEOGRAPHIC AREA CODE |
| Geographic area code |
a------ |
| -- |
p------ |
| 050 00 - LIBRARY OF CONGRESS CALL NUMBER |
| Classification number |
TJ163.25.A78 |
| Item number |
A85 1996 |
| 082 00 - DEWEY DECIMAL CLASSIFICATION NUMBER |
| Classification number |
658.408 GRE |
| Edition number |
21 |
| 111 2# - MAIN ENTRY--MEETING NAME |
| Meeting name or jurisdiction name as entry element |
Asia-Pacific Conference on Sustainable Energy and Environmental Technology |
| Date of meeting |
(1996 : |
| Location of meeting |
Singapore) |
| 9 (RLIN) |
7239 |
| 245 10 - TITLE STATEMENT |
| Title |
Proceedings of the Asia-Pacific Conference on Sustainable Energy and Environmental Technology, 19-21 June 1996, Singapore / |
| Statement of responsibility, etc. |
editors, P.F. Greenfield ... [et al.] ; jointly organised by Nanyang Technological University, Singapore, University of Queensland, Australia. |
| 246 18 - VARYING FORM OF TITLE |
| Title proper/short title |
Sustainable energy and environmental technology |
| 260 ## - PUBLICATION, DISTRIBUTION, ETC. |
| Place of publication, distribution, etc. |
Singapore ; |
| -- |
River Edge, NJ : |
| Name of publisher, distributor, etc. |
World Scientific, |
| Date of publication, distribution, etc. |
c1996. |
| 300 ## - PHYSICAL DESCRIPTION |
| Extent |
xix, 673 p. : |
| Other physical details |
ill. ; |
| Dimensions |
23 cm. |
| 500 ## - GENERAL NOTE |
| General note |
P.B |
| 504 ## - BIBLIOGRAPHY, ETC. NOTE |
| Bibliography, etc. note |
Includes bibliographical references and index. |
| 650 #0 - SUBJECT ADDED ENTRY--TOPICAL TERM |
| Topical term or geographic name entry element |
Power resources |
| Geographic subdivision |
Asia |
| General subdivision |
Congresses. |
| 9 (RLIN) |
7240 |
| 650 #0 - SUBJECT ADDED ENTRY--TOPICAL TERM |
| Topical term or geographic name entry element |
Power resources |
| Geographic subdivision |
Pacific Area |
| General subdivision |
Congresses. |
| 9 (RLIN) |
7241 |
| 650 #0 - SUBJECT ADDED ENTRY--TOPICAL TERM |
| Topical term or geographic name entry element |
Environmental protection |
| Geographic subdivision |
Asia |
| General subdivision |
Congresses. |
| 9 (RLIN) |
7242 |
| 650 #0 - SUBJECT ADDED ENTRY--TOPICAL TERM |
| Topical term or geographic name entry element |
Environmental protection |
| General subdivision |
Pacific Area |
| Geographic subdivision |
Congresses. |
| 9 (RLIN) |
7243 |
| 700 1# - ADDED ENTRY--PERSONAL NAME |
| Personal name |
Greenfield, P. F. |
| Fuller form of name |
(Paul F.) |
| 9 (RLIN) |
7244 |
| 710 2# - ADDED ENTRY--CORPORATE NAME |
| Corporate name or jurisdiction name as entry element |
Nanyang Technological University. |
| 9 (RLIN) |
7245 |
| 710 2# - ADDED ENTRY--CORPORATE NAME |
| Corporate name or jurisdiction name as entry element |
University of Queensland. |
| 9 (RLIN) |
7246 |
| 906 ## - LOCAL DATA ELEMENT F, LDF (RLIN) |
| a |
7 |
| b |
cbc |
| c |
orignew |
| d |
2 |
| e |
ncip |
| f |
19 |
| g |
y-gencatlg |
| 942 ## - ADDED ENTRY ELEMENTS (KOHA) |
| Source of classification or shelving scheme |
|
| Koha item type |
Book |
| Call number prefix |
IESE |